书目信息 |
| 题名: |
元曲释词
|
|
| 作者: | 顾学颉 , 王学奇 著 | |
| 分册: | 二 | |
| 出版信息: | 北京 中国社会科学出版社 1984.10 |
|
| 页数: | 563页 | |
| 开本: | 21cm | |
| 丛书名: | ||
| 单 册: | ||
| 中图分类: | H134 | |
| 科图分类: | ||
| 主题词: | 汉语--词汇--近代 | |
| 电子资源: | ||
| ISBN: | ||
| 000 | 00593nam0 2200217 45 | |
| 001 | 0211281542 | |
| 005 | 20050428143243.7 | |
| 010 | @dCNY3.30@b精装 | |
| 091 | @a10190.165 | |
| 100 | @a20021128d1984 km y0chiy0120 ea | |
| 101 | 0 | @achi |
| 105 | @a z 000gy | |
| 200 | 1 | @a元曲释词@AYuan Qu Shi Ci@h二@f顾学颉,王学奇著@FGu Xue Jie,Wang Xue Qi Zhu |
| 210 | @a北京@c中国社会科学出版社@d1984.10 | |
| 215 | @a563页@d21cm | |
| 606 | 0 | @a汉语@x词汇@z近代 |
| 690 | @aH134@v3 | |
| 701 | 0 | @a顾学颉@4著 |
| 701 | 0 | @a王学奇@4著 |
| 801 | @aCN@bTSTC@c20030219 | |
| 905 | @dH134@e72:2@f5@b140131-135 | |
| 元曲释词.二/顾学颉,王学奇著.-北京:中国社会科学出版社,1984.10 |
| 563页;21cm |
| ISBN (精装):CNY3.30 |
| ● |
| 相关链接 |
|
|
|
|
正题名:元曲释词
索取号:H134/72:2
 
预约/预借
| 序号 | 登录号 | 条形码 | 馆藏地/架位号 | 状态 | 备注 |
| 1 | 0140131 | 000801993 | 密集书库/ [索取号:H134/72:2] | 在馆 | |
| 2 | 0140132 | 000802000 | 密集书库/ [索取号:H134/72:2] | 在馆 | |
| 3 | 0140133 | 000801984 | 密集书库/ [索取号:H134/72:2] | 在馆 | |
| 4 | 0140134 | 000801975 | 密集书库/ [索取号:H134/72:2] | 在馆 | |
| 5 | 0140135 | 000801895 | 密集书库/ [索取号:H134/72:2] | 在馆 |